00421nam a22001457a 450000500170000000800410001702000180005804100120007608200120008810000120010024500670011226000460017930000250022565000250025020240812081709.0240812b |||||||| |||| 00| 0 eng d a9781485136484 aEnglish a349 SOU lEnglish aJuta's Index and Annotations to the South African Law Reports  aCape Town: bJuta and Company Ltd, c2019 b163 pages; c25 cm.  aLegal practice bLaw